<?xml version="1.0" encoding="UTF-8"?>
<record
    xmlns:xsi="http://www.w3.org/2001/XMLSchema-instance"
    xsi:schemaLocation="http://www.loc.gov/MARC21/slim http://www.loc.gov/standards/marcxml/schema/MARC21slim.xsd"
    xmlns="http://www.loc.gov/MARC21/slim">

  <leader>02453agaaa2200325   4500</leader>
  <controlfield tag="001">8754</controlfield>
  <controlfield tag="003">IT-RoPAU</controlfield>
  <controlfield tag="005">20220918181240.0</controlfield>
  <controlfield tag="007">d cvaizq</controlfield>
  <controlfield tag="008">50131s9999||||xx ||| |     ||   ||und||</controlfield>
  <datafield tag="040" ind1=" " ind2=" ">
    <subfield code="a">IT-RoPAU</subfield>
    <subfield code="c">IT-RoPAU</subfield>
  </datafield>
  <datafield tag="041" ind1=" " ind2=" ">
    <subfield code="a">ITALIANO</subfield>
  </datafield>
  <datafield tag="100" ind1=" " ind2=" ">
    <subfield code="a">Negrin Alberto</subfield>
    <subfield code="g">Codice regista SPICS: 1793</subfield>
    <subfield code="9">44876</subfield>
  </datafield>
  <datafield tag="130" ind1=" " ind2=" ">
    <subfield code="a">MISSUS</subfield>
    <subfield code="9">44877</subfield>
  </datafield>
  <datafield tag="245" ind1=" " ind2=" ">
    <subfield code="a">MISSUS</subfield>
    <subfield code="c">Prodotto da: Giolitti Anna -- Sceneggiatura: Bernini Franco Pasquini Angelo Negrin Alberto -- Diretto da: Negrin Alberto</subfield>
    <subfield code="p">MISSUS (Rif. Codice opera principale : C8754)</subfield>
  </datafield>
  <datafield tag="250" ind1=" " ind2=" ">
    <subfield code="a">Edizione Standard</subfield>
  </datafield>
  <datafield tag="260" ind1=" " ind2=" ">
    <subfield code="a">ROMA (ITALIA - FRANCIA)</subfield>
    <subfield code="b">RAI - RADIO TELEVISIONE ITALIANA / Distribuzione: RAIDUE</subfield>
    <subfield code="g">"1995 (1&#xB0; ed.: 1995 ; Ed. Lingua Orig.: 1995)"</subfield>
  </datafield>
  <datafield tag="300" ind1=" " ind2=" ">
    <subfield code="a">VHS</subfield>
    <subfield code="b">sonoro, col.</subfield>
    <subfield code="c">220 minuti</subfield>
  </datafield>
  <datafield tag="508" ind1=" " ind2=" ">
    <subfield code="a">"Fotografia: Nannuzzi Daniele; Montaggio: Siciliano Antonio; Musica: Morricone Ennio; Sceneggiatura: Bernini Franco Pasquini Angelo Negrin Alberto; Scenografia: Fiorentini Enrico; Soggetto: Bernini Franco -- Pasquini Angelo"</subfield>
  </datafield>
  <datafield tag="511" ind1=" " ind2=" ">
    <subfield code="a">"Glen Lain; Wilkening Catherine; Griem Helmut; Stankzak Wadeck; La; Vella Emidio"</subfield>
  </datafield>
  <datafield tag="520" ind1=" " ind2=" ">
    <subfield code="a">AMBIENTATO NEL 1972: DON PIETRO SALVIATI E' A KIEV PER ANIMARE UNA RETE SEGRETA DI CATTOLICI. I RISCHI E LA SOLITUDINE LO GETTANO NELLE BRACCIA DI OLGA UNA GIOVANE CHE POI TRADISCE LUI E IL GRUPPO. ANNI DOPO DON PIETRO E' RIMANDATO IN URSS CON VERA UNA GIOVANE AL SOLDO DELLA CIA PER RINTRACCIARE LUCIFERO TEMIBILE AGENTE DEL KGB INFILTRATO IN VATICANO. CON DOLORE SCOPRE CHE LUCIFERO E' UN SUO AMICO FRATERNO DEI TEMPI DI KIEV. DON PIETRO SCONVOLTODAI FATTI LASCIA VERA CHE PER PROTEGGERLO RIMANE UCCISA. LUI INVECE SFUGGEALLA CACCIA MA E' RITROVATO DA OLGA. LEI E' SEMPRE AL SOLDO DEL KGB MA SEMBRA PENTITA. GLI RIVELA CHE DAL LORO AMORE LONTANO E' NATA UNA FIGLIA. I RUSSI INCARCERANO ENTRAMBI E LI TORTURANO MA DON PIETRO AMBITA MERCE DI SCAMBIO VIENE LIBERATO. ORA HA DUE OBIETTIVI: SVENTARE LA TRAMA DI LUCIFERO E RIABBRACCIARE OLGA E SUA FIGLIA.</subfield>
  </datafield>
  <datafield tag="538" ind1=" " ind2=" ">
    <subfield code="a">PAL, STEREO</subfield>
  </datafield>
  <datafield tag="546" ind1=" " ind2=" ">
    <subfield code="a">ITALIANO</subfield>
  </datafield>
  <datafield tag="650" ind1=" " ind2=" ">
    <subfield code="a">DRAMMATICO</subfield>
    <subfield code="e">FILMS [VHS]</subfield>
    <subfield code="x">Codice MATERIA SPICS: 9960</subfield>
    <subfield code="9">34083</subfield>
  </datafield>
  <datafield tag="700" ind1=" " ind2=" ">
    <subfield code="a">Bernini Franco </subfield>
    <subfield code="e">(soggetto)</subfield>
    <subfield code="g">Codice Soggetto SPICS: 25342</subfield>
    <subfield code="9">44878</subfield>
  </datafield>
  <datafield tag="700" ind1=" " ind2=" ">
    <subfield code="a">Morricone Ennio</subfield>
    <subfield code="e">(musica)</subfield>
    <subfield code="g">Codice Musica SPICS: 3535</subfield>
    <subfield code="9">44879</subfield>
  </datafield>
  <datafield tag="700" ind1=" " ind2=" ">
    <subfield code="a">Negrin Alberto </subfield>
    <subfield code="e">(regista)</subfield>
    <subfield code="g">Codice regista SPICS: 1793</subfield>
    <subfield code="9">44880</subfield>
  </datafield>
  <datafield tag="700" ind1=" " ind2=" ">
    <subfield code="a">Pasquini Angelo </subfield>
    <subfield code="e">(soggetto)</subfield>
    <subfield code="g">Codice Soggetto 2&#xB0; SPICS: 36624</subfield>
    <subfield code="9">44881</subfield>
  </datafield>
  <datafield tag="942" ind1=" " ind2=" ">
    <subfield code="c">VH</subfield>
    <subfield code="2">ddc</subfield>
  </datafield>
  <datafield tag="999" ind1=" " ind2=" ">
    <subfield code="c">106058</subfield>
    <subfield code="d">106058</subfield>
  </datafield>
  <datafield tag="952" ind1=" " ind2=" ">
    <subfield code="0">0</subfield>
    <subfield code="1">0</subfield>
    <subfield code="4">0</subfield>
    <subfield code="6">C_8754_000000000000000</subfield>
    <subfield code="7">1</subfield>
    <subfield code="a">SPICS</subfield>
    <subfield code="b">SPICS</subfield>
    <subfield code="d">2015-01-31</subfield>
    <subfield code="l">0</subfield>
    <subfield code="o">C8754</subfield>
    <subfield code="r">2015-01-31 00:00:00</subfield>
    <subfield code="w">2015-01-31</subfield>
    <subfield code="y">VH</subfield>
    <subfield code="z">Progr. Ins.: 483 / N.Vol.:2 / Copie: 1 / Pag.:0 / Copia rara: n.d. / date import: 1.2.2015 / By Epidotti, Trombetti, Vaglietti</subfield>
  </datafield>
</record>
